000 01148cam a2200361Ia 4500
001 8585177
003 ARRUPE
005 20141106142139.0
008 100612s2011 nyu 000 0 eng d
020 _a9780061993459 (pbk.)
020 _a006199345X (pbk.)
024 _a40019044933
035 _a(OCoLC)641534345
035 _a(OCoLC)ocn641534345
035 _a(NNC)8585177
040 _aBTCTA
_beng
_cBTCTA
_dYDXCP
_dFSP
_dZPX
_dNVC
_dORX
041 1 _aeng
_hrus
050 1 4 _aBS2555.2
_b.T6513 2010
082 4 _a226.06
100 1 _aTolstoy, Leo,
_cgraf,
_d1828-1910.
_912453
245 1 4 _aThe gospel in brief :
_bthe life of Jesus /
_cLeo Tolstoy ; translated by Dustin Condren.
246 1 4 _aLife of Jesus :
_bthe gospel in brief
250 _a1st ed.
260 _aNew York, N.Y. :
_bHarper Perennial,
_cc2011.
300 _axxxiii, 180 p. ;
_c19 cm.
500 _aIncludes verse index.
600 1 0 _aTolstoy, Leo,
_cgraf,
_d1828-1910
_xReligion.
_912454
630 0 0 _aBible.
_pGospels.
_912455
700 1 _aCondren, Dustin,
_etranslator.
_912456
942 _2lcc
_cMONOGRAPH
948 1 _a20110512
_bc
_chew2
_dMPS
999 _c121190
_d121190